000 00629nam a2200217Ia 4500
005 20250508165951.0
008 008 250505s9999 xx 000 0 eng d
020 _a0-471-07668-6
037 _aTextBook
040 _aFEDL
_beng
_cFEDL
041 _aeng
_2eng
084 _a305.231, SMI/R
_qFEDL
100 _aSmith Peter K Ed.
_98910
245 0 _aBlackwell handbook of childhood social development
260 _aMalden, USA
_bBalckwell Publishing
_c2004
300 _axv, 665p.
365 _aINR
_b642
700 _a Hart Craig H Ed.
_9782548
942 _cTB
_h305.231, SMI/R
999 _c1398450
_d1398450